000 00862nam a2200265Ia 4500
005 20220317001246.0
008 160825s1999 ck a g 000 0 spa
020 _a2890211002
100 1 _aPlante, Raymond
245 1 0 _aCiclovilla
_cRaymond Plante ; ilustraciones de Lise Monette ; traduciiòn Anita Gómez de Cárdenas
250 _a1a. edición
300 _a59 páginas
_bilustraciones
_c18 cm
490 _aRosa
650 1 4 _2LEMB
_aNovela juvenil francesa
650 1 4 _2LEMB
_aLiteratura juvenil francesa
650 1 4 _2LEMB
_aCiclovía en la literatura
700 1 _aPrud'homme, Jules
_968365
942 _2loc
_cBKLIT
264 _aMedellín
_bEdilux
_c1992
336 _atexto
_btxt
_2rdacontent
337 _asin mediación
_bn
_2rdamedia
338 _avolumen
_bnc
_2rdacarrier
040 _aCO-BoRNBP
_bspa
_erda
_cCO-BoRNBP
084 _aN PLA2
999 _c6416
_d6416